[Event "Copenhagen Chess Challenge 2019"]
[Site "Ballerup"]
[Date "2019.05.17"]
[Round "5.5"]
[White "Eriksson, Christian Altenburg"]
[Black "Vedant Kumar Saravana"]
[Result "1-0"]
[WhiteElo "2146"]
[BlackElo "1845"]
[Annotator "NA RC"]
[PlyCount "89"]
[EventDate "2019.05.16"]
[EventCountry "DEN"]
[SourceTitle "playchess.com"]
[Source "ChessBase"]
[SourceQuality "1"]

1. e4 e5 2. Nf3 Nc6 3. d4 exd4 4. Bc4 Nf6 5. e5 d5 6. Bb5 Ne4 7. Nxd4 Bd7 8. Bxc6 Bxc6 9. O-O Bc5 {C56: Two Knights: 4 d4 exd4 5 0-0 Nxe4} 10. Nxc6 bxc6 11. Qg4 (11. Nd2 Nxd2 12. Bxd2 O-O 13. c3 Qh4 14. Qf3 Rae8 15. Rae1 Re6 16. Be3 Bb6 17. Bxb6 axb6 {0-1 (46) Lavendelis,E (2278)-Tari,A (2593) Katowice 2017}) 11... Qd7 12. Qf4 $146 ({Predecessor:} 12. Qxd7+ Kxd7 13. Nd2 Nxd2 14. Bxd2 Bd4 15. Bc3 Bxc3 16. bxc3 Rhb8 {½-½ (25) Udvardi,Z (2212)-Borsos,B (2257) Harkany 2018}) 12... O-O 13. Nd2 Nxd2 14. Bxd2 Qe6 15. Bc3 Rfe8 16. Rfe1 Rad8 17. Rad1 Rd7 18. b4 Bf8 19. Qd4 Ra8 20. h3 g6 21. f4 Bg7 22. Qf2 h5 23. a3 Rdd8 24. Rd3 Re8 25. Qf3 Rad8 26. g4 h4 27. Qf2 Qe7 28. Bd4 a6 29. Rde3 Qe6 $2 (29... Ra8 30. f5 gxf5 31. gxf5 (31. Qxf5 a5 $16) 31... Bh6) 30. Qxh4 Qe7 31. Qf2 Qe6 32. f5 gxf5 33. gxf5 Qh6 34. f6 Bf8 35. Rg3+ Kh8 36. Rg4 Qh7 37. e6 Bh6 {[#]} 38. e7 $18 (38. Rg7 $142 $1 {[%mdl 512]} Bg5 (38... Bxg7 39. fxg7+) 39. Rxh7+ Kxh7 40. e7) 38... Rc8 39. Kh2 Ra8 40. Rh4 Rg8 41. Be3 Rg6 42. Bxh6 Rxh6 43. e8=Q+ Rxe8 44. Rxe8+ Qg8 45. Rxh6# 1-0

[Event "Copenhagen Chess Challenge 2019"]
[Site "Ballerup"]
[Date "2019.05.17"]
[Round "5.6"]
[White "Haubro, Martin"]
[Black "Shehzad, Shazil"]
[Result "0-1"]
[WhiteElo "2380"]
[BlackElo "2016"]
[Annotator "TA"]
[PlyCount "70"]
[EventDate "2019.05.16"]
[EventCountry "DEN"]
[SourceTitle "playchess.com"]
[Source "ChessBase"]
[SourceQuality "1"]

{[%evp 11,70,13,22,30,29,25,20,0,18,-19,-24,-45,-31,-67,-49,-92,-66,-112,-112,-97,-51,-78,-24,-33,-23,-73,-82,-87,-78,-84,-94,-94,-110,-125,-92,-92,-71,-160,-157,-356,-354,-398,-404,-452,-462,-473,-475,-487,-472,-666,-659,-663,-628,-641,-641,-604,-286,-285,-285,-284,-284]} 1. e4 c5 2. Nf3 d6 3. d4 cxd4 4. Nxd4 Nf6 5. Nc3 a6 6. h3 b5 7. g4 {B90: Sicilian Najdorf: Unusual White 6th moves, 6 Be3 Ng4 and 6 Be3 e5} (7. Nd5 Nxe4 8. Qf3 Nc5 9. b4 Na4 10. c4 e6 11. Nc3 Nb6 12. cxb5 d5 13. a3 Be7 14. Bf4 Bf6 15. O-O-O {0-1 (31) Short,N (2646)-Sarana,A (2618) Moscow 2018}) 7... Bb7 8. Bg2 $1 Nc6 {[%cal Bb8c6,Bc6e5,Be5c4][%mdl 32]} 9. O-O {Threatening e5.The position is equal.} Rc8 10. Nf5 $146 ({Predecessor:} 10. a4 b4 11. Nd5 e6 12. g5 exd5 13. gxf6 Qxf6 14. Nxc6 Bxc6 15. exd5 {1-0 (26) Nestorovic,N (2476)-Brattain,M (2402) Charlotte 2018}) 10... g6 11. Ng3 Bg7 12. Be3 O-O 13. Qe2 Ne5 14. Rae1 Nc4 15. Bc1 Qc7 16. Nd1 b4 ({Better is} 16... d5 $17) 17. b3 $11 Nb6 18. Ne3 d5 19. exd5 Nfxd5 20. Nxd5 Nxd5 21. Bxd5 Bxd5 22. Qxe7 Qxe7 23. Rxe7 Rxc2 {Strongly threatening ...Rfc8.} 24. Rd7 (24. Re2 $142 Rxe2 25. Nxe2) 24... Be6 $17 25. Rb7 $2 {[#]} (25. Rd2 $17 Rfc8 26. Ne2) 25... a5 $19 ({Less strong is} 25... Rxa2 26. Rxb4 Ra8 27. Rb7 $17) 26. a3 Bd5 27. Rb5 Bxb3 28. Rxa5 Bc4 29. Rd1 b3 30. Bf4 (30. Ra4 $142) 30... b2 31. Ne4 Ba2 32. Rb5 Rc4 33. f3 b1=Q (33... f5 $142 34. Bd6 Rc1) 34. Rdxb1 Bxb1 35. Rxb1 f5 {Accuracy: White = 28%, Black = 55%.} 0-1

[Event "Copenhagen Chess Challenge 2019"]
[Site "Ballerup"]
[Date "2019.05.17"]
[Round "5.7"]
[White "Ramsdal, Jens Albert"]
[Black "Jacobsen, Mikkel Manosri"]
[Result "1-0"]
[WhiteElo "2245"]
[BlackElo "2319"]
[Annotator "NA RC"]
[PlyCount "83"]
[EventDate "2019.05.16"]
[EventCountry "DEN"]
[SourceTitle "playchess.com"]
[Source "ChessBase"]
[SourceQuality "1"]

1. e4 c5 2. Nf3 Nf6 3. e5 Nd5 4. Nc3 e6 5. Bc4 Nb6 6. Be2 {B29: Sicilian: 2 Nf3 Nf6 (Nimzowitsch Variation)} (6. d3 d5 7. exd6 Bxd6 8. Ng5 Be7 9. Bb5+ Bd7 10. Qh5 g6 11. Qh6 Bxb5 12. Nxb5 Bf8 13. Qh3 {1-0 (34) Kulaots,K (2573)-Kantans,T (2531) Viljandi 2017}) 6... d6 7. O-O Nc6 8. exd6 Bxd6 9. d3 O-O 10. Re1 $146 ({Predecessor:} 10. Ne4 Be7 11. Be3 Nd4 12. c3 Nxe2+ 13. Qxe2 {1-0 (24) Barakin,G (1969)-Chagasov,O (1882) Omsk 2012}) 10... Nd5 11. Ne4 Be7 12. Bf1 b6 13. c3 Bb7 14. d4 cxd4 15. Nxd4 Nxd4 16. Qxd4 Qc7 17. Ng3 Bd6 18. Qh4 Rad8 19. Bg5 f6 20. Bc1 Nf4 21. Bxf4 Bxf4 22. Rxe6 Bd5 23. Ree1 g5 24. Qh3 Be5 25. Nf5 Kh8 26. Nd4 Rg8 27. Bd3 g4 28. Qh6 Rdf8 29. Be4 Bf4 30. Qh4 Bg5 31. Qh5 Bc4 (31... Bxe4 $142 32. Rxe4 f5) 32. b3 f5 33. Bxf5 Bd5 $18 (33... Qf7 $142 34. Qxf7 (34. Qxg4 Bd2 $16) 34... Bxf7) 34. c4 Rxf5 35. Nxf5 Bf7 36. Qxg4 Bf6 37. Qf3 Bxa1 38. Rxa1 Qe5 39. Rc1 Rd8 40. Nh6 Bh5 41. Nf7+ Bxf7 42. Qxf7 1-0

[Event "Copenhagen Chess Challenge 2019"]
[Site "Ballerup"]
[Date "2019.05.17"]
[Round "5.8"]
[White "Antonsen, Mikkel"]
[Black "Thorsbro, Peter"]
[Result "1/2-1/2"]
[WhiteElo "2423"]
[BlackElo "2116"]
[Annotator "TA"]
[PlyCount "62"]
[EventDate "2019.05.16"]
[EventCountry "DEN"]
[SourceTitle "playchess.com"]
[Source "ChessBase"]
[SourceQuality "1"]

{[%evp 9,62,0,12,12,50,5,22,22,31,16,27,12,51,4,38,34,35,32,45,42,41,23,25,21,21,13,39,10,28,-25,0,0,0,0,0,-14,0,-2,0,-16,-21,-21,-8,-29,-30,-59,-39,-66,-5,-6,-11,-8,-8,-25,-19]} 1. d4 Nf6 2. c4 e6 3. Nf3 d5 4. g3 Bb4+ 5. Bd2 Bd6 6. Nc3 {E01: Catalan: Early deviations} c6 7. Bg5 h6 8. Bxf6 {The position is equal.} Qxf6 9. Bg2 O-O 10. O-O Rd8 $146 ({Predecessor:} 10... Qd8 11. c5 Bc7 12. e4 b6 {1-0 (40) Ding,L (2797)-Topalov,V (2747) Wenzhou 2018}) 11. e3 (11. e4 $5 {[%cal Re4e5]} dxe4 12. Nxe4 $14) 11... Bf8 12. Ne5 Nd7 13. f4 dxc4 14. Nxc4 (14. Ne4 {looks sharper.} Qe7 15. Rc1 Nb6 16. Nxc4 Bd7 17. Nc5) 14... Nb6 15. Qe2 (15. Ne5 {with more complications.} Qe7 16. Qe2 Bd7 17. Rac1 Be8 18. Ne4) 15... Nxc4 16. Qxc4 Bd7 17. Ne4 Qe7 18. g4 e5 19. f5 ({White should play} 19. fxe5 Bxg4 20. Qc2) 19... exd4 20. exd4 Qb4 21. Qxb4 Bxb4 22. a3 Ba5 23. Nc5 Rab8 24. b4 ({Reject} 24. Nxd7 Rxd7 25. Rad1 Bb6 $17) 24... Bc7 25. Rad1 Bd6 26. Be4 Be8 27. Bb1 Be7 28. Ne4 f6 (28... Bf8 $15) 29. Ba2+ $11 Bf7 30. Bxf7+ Kxf7 31. Rf3 Rd5 {Accuracy: White = 32%, Black = 35%.} 1/2-1/2

[Event "Copenhagen Chess Challenge 2019"]
[Site "Ballerup"]
[Date "2019.05.17"]
[Round "5.8"]
[White "Bendixen, Daniel"]
[Black "Werner, Jakob"]
[Result "1/2-1/2"]
[WhiteElo "1957"]
[BlackElo "1686"]
[Annotator "NA RC"]
[PlyCount "127"]
[EventDate "2019.05.16"]
[EventCountry "DEN"]
[SourceTitle "playchess.com"]
[Source "ChessBase"]
[SourceQuality "1"]

1. e4 d6 2. d4 Nf6 3. Nc3 g6 4. Nf3 Bg7 5. h3 O-O 6. Bc4 c5 {B08: Pirc Defence: Classical System} (6... Nxe4 7. Nxe4 d5 8. Bd3 dxe4 9. Bxe4 c5 10. dxc5 Qa5+ 11. c3 Qxc5 12. O-O Nd7 13. Be3 Qc7 14. Nd4 a6 15. Qe2 Nf6 {0-1 (67) Licznerski,L (2267)-Ponomariov,R (2694) Katowice 2017}) 7. O-O Nc6 8. dxc5 dxc5 9. Bf4 Nd7 10. Qe2 $146 ({Predecessor:} 10. Nb5 Nde5 11. Nxe5 Nxe5 12. Qxd8 Rxd8 13. Nc7 Rb8 14. Rad1 Bd7 {1-0 (45) Friedrich,W (2259)-Gyorkos,L (2373) Germany 2014}) 10... Nd4 11. Nxd4 cxd4 12. Nd5 e5 13. Bd2 b6 14. c3 Bb7 15. cxd4 exd4 16. f4 Nc5 17. Qf3 Kh8 18. b4 Nd7 19. Qd3 Nf6 20. Nxf6 Bxf6 21. Rad1 a6 22. Bc1 b5 23. Bb3 Qc7 $16 24. Bb2 Rad8 25. Rf2 Qe7 26. e5 Bg7 27. a3 f6 28. e6 f5 29. Rc2 Rd6 30. Rdc1 Be4 31. Qd2 Bxc2 32. Rxc2 Re8 33. Qc1 d3 34. Rc7 d2 35. Bxg7+ Qxg7 36. Qc5 Qd4+ 37. Qxd4+ Rxd4 38. Rd7 Rxd7 39. exd7 Rd8 40. Kf2 Rxd7 41. Ke2 Kg7 42. Bc2 Kf6 43. Bb3 g5 44. fxg5+ Kxg5 45. g3 f4 46. h4+ Kh5 47. gxf4 Kg6 48. Bc2+ Kf6 49. Kd1 Rd6 50. Bxh7 Kg7 51. Bc2 Kh6 52. f5 Kh5 53. f6 Rxf6 54. Kxd2 Rf2+ 55. Kc3 Kxh4 56. a4 Rf3+ 57. Kb2 Rf4 58. Kc3 Kg5 59. axb5 axb5 60. Bd3 Rf3 61. Kd4 Rf4+ 62. Kc5 Rxb4 63. Kxb4 Kf4 64. Bxb5 1/2-1/2

[Event "Copenhagen Chess Challenge 2019"]
[Site "Ballerup"]
[Date "2019.05.17"]
[Round "5.9"]
[White "Hoi, Carsten"]
[Black "Brynell, Stellan"]
[Result "0-1"]
[WhiteElo "2341"]
[BlackElo "2406"]
[Annotator "TA"]
[PlyCount "79"]
[EventDate "2019.05.16"]
[EventCountry "DEN"]
[SourceTitle "playchess.com"]
[Source "ChessBase"]
[SourceQuality "1"]

{[%evp 16,79,11,0,0,0,0,-2,19,14,19,9,20,-8,0,0,8,0,12,-39,-37,-39,-39,-79,-40,-41,-39,-57,-53,-56,-63,-74,-74,-113,-96,-156,-127,-123,-121,-108,0,0,0,0,0,0,0,0,0,0,0,0,0,0,0,-74,-94,-67,-80,-501,-88,-81,0,-508,-501,-1005]} 1. d4 e6 2. c4 Nf6 3. Nc3 Bb4 4. e3 b6 5. Nge2 Ne4 6. Bd2 Nxd2 7. Qxd2 O-O 8. a3 Be7 9. d5 d6 {E44: Nimzo-Indian: Rubinstein: 4...b6 5 Ne2} 10. g3 e5 11. Bg2 f5 {The position is equal.} 12. O-O Nd7 13. f4 Bf6 {[#]} 14. Kh1 $146 ({Predecessor:} 14. Rad1 a5 15. b3 Re8 16. Nb5 e4 17. Rb1 {1-0 (53) Moreno Trujillo,A (2522)-Camacho Collados,M (2449) Granada 2015}) 14... g6 15. Rae1 a5 16. Nb5 a4 17. Nec3 (17. fxe5 $11 Nxe5 18. Ned4) 17... Nc5 $15 18. fxe5 Bxe5 19. Ne2 Bd7 20. Nbd4 Qe7 21. Nc6 Bxc6 22. dxc6 Qg7 23. Nd4 Rae8 24. Rd1 Re7 25. Qf2 (25. Nb5 $142) 25... Rfe8 26. g4 fxg4 27. Qh4 h5 (27... Kh8 $1 $17 {Hoping for ...h5.} 28. Qxg4 Qh6 $1 {[%mdl 512]}) 28. Nf5 $1 $11 gxf5 29. Rxf5 {And now Bd5+ would win.} Ne6 30. Bd5 $1 Rf7 31. Rdf1 $1 Rxf5 32. Rxf5 Qh6 $1 {White must now prevent ...Kg7.} 33. Rxh5 Qxe3 {Threatens to win with ...Qc1+.} 34. Qxg4+ Bg7 {aiming for ...Kf7.} 35. Rg5 (35. Qg6 $11 {keeps the balance.} Qc1+ 36. Kg2 Qxb2+ 37. Kh3 Qc3+ 38. Kg2 Qd2+ 39. Kf1 Qd1+ 40. Kf2 Rf8+ 41. Rf5 Rxf5+ 42. Qxf5 Bd4+ 43. Kg2 Qe2+ 44. Kh3) 35... Qc1+ $17 {[#]} 36. Kg2 $1 {[%mdl 512]} Qxb2+ {[%mdl 64] Double Attack} 37. Kh3 $2 {[%mdl 8192]} (37. Kh1 $17 {nothing else works.} Kf8 38. Rf5+ Bf6 39. Rf1) 37... Qc3+ $2 (37... Kf7 $19 {has better winning chances.} 38. Qe4 Rh8+ 39. Kg4 Rh6) 38. Kg2 {[#]} Qb2+ $2 {[%mdl 8192]} (38... Kf7 $1 $17 39. Rf5+ Bf6 40. Qh5+ Ke7 41. Bxe6 Qc2+ 42. Kg3 Qd3+ 43. Rf3 Be5+ 44. Kh3 Rh8 45. Rxd3 Rxh5+ 46. Kg4 Rh6) 39. Kh3 $1 $19 Kf7 40. Qh5+ {Accuracy: White = 52%, Black = 59%.} (40. Qf5+ $142 Qf6 41. Kg4) 0-1

[Event "Copenhagen Chess Challenge 2019"]
[Site "Ballerup"]
[Date "2019.05.17"]
[Round "5.9"]
[White "Andersen, Daniel"]
[Black "Nielsen, Thomas Bach"]
[Result "0-1"]
[WhiteElo "1862"]
[BlackElo "2127"]
[Annotator "NA"]
[PlyCount "80"]
[EventDate "2019.05.16"]
[EventCountry "DEN"]
[SourceTitle "playchess.com"]
[Source "ChessBase"]
[SourceQuality "1"]

1. c4 e6 2. e3 d5 3. b3 Nf6 4. Bb2 g6 5. Nf3 Bg7 6. Be2 {A13: English Opening: 1...e6} (6. d4 O-O 7. Nbd2 dxc4 8. Bxc4 c5 9. O-O cxd4 10. Nxd4 Bd7 11. Rc1 Nc6 12. N2f3 Nxd4 13. Bxd4 {½-½ (36) Vachier Lagrave,M (2779)-Nakamura,H (2777) chess.com INT 2018}) 6... c5 7. cxd5 exd5 8. d4 cxd4 9. Nxd4 O-O 10. O-O Nc6 11. Nd2 $146 ({Predecessor:} 11. Na3 Be6 12. Nac2 Rc8 13. h4 {0-1 (41) Rodriguez Gonzalez,A (1686)-Cabezas Tisnado,G (1903) Santiago de Chile 2009}) 11... Re8 12. Rc1 Nxd4 13. Bxd4 Qa5 14. Qc2 Ne4 15. Bxg7 Kxg7 16. Qb2+ Kg8 17. Rfd1 Be6 18. b4 Qb6 19. Nf3 $11 a5 20. b5 Rad8 21. Nd4 Bc8 22. Qc2 Qf6 23. Bf3 Ng5 24. Be2 Ne4 25. Bd3 h5 26. Bxe4 dxe4 27. Qc7 a4 28. Qa5 Qg5 29. Kh1 Bg4 30. Rg1 h4 31. Qxa4 Qf6 32. Qc2 h3 33. Qc3 Qxf2 34. Rc2 hxg2+ 35. Rxg2 Qf1+ 36. Rg1 Bf3+ 37. Nxf3 Qxf3+ 38. Rcg2 Rd3 39. Qc7 Red8 40. Qc1 Rd1 0-1

[Event "Copenhagen Chess Challenge 2019"]
[Site "Ballerup"]
[Date "2019.05.17"]
[Round "5.10"]
[White "Fossan, Aleksander"]
[Black "Strange, Mikkel"]
[Result "1-0"]
[WhiteElo "2075"]
[BlackElo "2368"]
[Annotator "TA"]
[PlyCount "47"]
[EventDate "2019.05.16"]
[EventCountry "DEN"]
[SourceTitle "playchess.com"]
[Source "ChessBase"]
[SourceQuality "1"]

{[%evp 21,47,15,18,5,5,9,12,16,7,12,71,63,231,236,244,243,321,318,311,311,357,374,514,507,497,505,1080,1078]} 1. e4 e5 2. Nf3 Nc6 3. Bc4 Nf6 4. d3 Bc5 5. Nc3 d6 6. Bg5 h6 7. Bxf6 Qxf6 8. Nd5 Qd8 9. c3 a6 10. d4 Ba7 11. dxe5 Nxe5 12. Nxe5 {C50: Hungarian Defence and Giuoco Pianissimo} dxe5 13. Qh5 O-O $1 14. Qxe5 {Hoping for 0-0-0.The position is equal.} Re8 15. Qf4 b5 {[#]} (15... Qd6 $11 16. Qxd6 Rxe4+ {[%mdl 64] Double Attack} 17. Ne3 cxd6) (15... Qd6 16. Qxd6 Rxe4+ 17. Ne3 cxd6 18. Bd5 Re5 19. O-O-O Bxe3+ 20. fxe3 Rxe3 {1-0 (43) Short,N (2687)-Aleksandrov,A (2659) Izmir 2004}) 16. Bb3 $1 $16 {Black must now prevent 0-0-0.} c5 $146 (16... Bb8 $14) ({Predecessor:} 16... c6 17. Nc7 Rxe4+ 18. Qxe4 Qxc7 19. Qe8+ Kh7 20. O-O Bb8 21. g3 Bh3 22. Bxf7 {1-0 (22) Ramiro Ovejero,J (2377)-Fernandez Ayuso,S (2093) Lorca 2015}) 17. Nc7 $18 {[%cal Bd5c7,Bc7e8,Be8d6,Bd6b7][%mdl 96] Double Attack} c4 {aiming for ...Bb8.} 18. Nxe8 $40 {[%mdl 128] White is out for blood.} ({Not} 18. Nxa8 cxb3 19. O-O Bb7 $17) 18... cxb3 19. Nd6 Be6 20. axb3 Bb8 21. e5 f6 {...fxe5 would now be nice for Black.} 22. Qe4 {White is clearly winning.} Ra7 23. O-O-O {[#] Threatens to win with Nb7.} Bxb3 (23... Qa5 $142 24. exf6 Bxb3 25. f7+ Bxf7 26. Nxf7 Rxf7) 24. Nb7 1-0

[Event "Copenhagen Chess Challenge 2019"]
[Site "Ballerup"]
[Date "2019.05.17"]
[Round "5.11"]
[White "Jaksland, Tim"]
[Black "Vasli, Aref"]
[Result "1/2-1/2"]
[WhiteElo "2213"]
[BlackElo "2346"]
[Annotator "TA"]
[PlyCount "76"]
[EventDate "2019.05.16"]
[EventCountry "DEN"]
[SourceTitle "playchess.com"]
[Source "ChessBase"]
[SourceQuality "1"]

{[%evp 10,76,34,12,16,12,31,33,33,27,57,64,73,73,102,103,96,104,128,139,125,85,162,155,145,126,135,114,177,125,152,149,154,156,264,254,244,0,151,136,128,102,107,106,137,125,135,89,90,89,88,82,97,83,91,32,27,29,31,28,37,21,28,28,20,21,18,17,48]} 1. Nf3 Nf6 2. c4 g6 3. b3 Bg7 4. Bb2 O-O 5. g3 d5 6. Bg2 Nc6 {A05: Réti Opening: 1 Nf3 Nf6} 7. cxd5 Nxd5 8. Bxg7 Kxg7 {White is slightly better.} 9. d4 Bf5 10. O-O a5 $146 ({Predecessor:} 10... Ndb4 11. Na3 a5 12. Qc1 Be4 13. Rd1 e6 14. Qb2 {0-1 (33) Grischuk,A (2767)-Morozevich,A (2665) Moscow 2018}) 11. Qc1 Ncb4 {White should prevent ...Nc2.} 12. a3 Nc6 13. Nbd2 {Threatens to win with e4.} Nf6 14. Qb2 Kg8 15. Rfd1 e6 (15... a4 $16 {might work better.}) 16. h3 $18 g5 17. Rac1 h6 18. Nc4 Qe7 (18... Be4 $16) 19. Nfe5 (19. h4 $18) 19... Nd8 20. Ne3 c6 21. N3c4 Ne4 (21... Ra6 $16 22. e3 Kg7) 22. Nb6 Ra6 23. Nbc4 $2 (23. Ned7 $18) 23... f6 $2 {[#]} (23... Ra8 $1 $11) 24. Nd3 $1 $16 {Black must now prevent Bxe4.} Ra7 25. Ne3 Bg6 26. Nc5 Nd6 27. Nc4 N8f7 {[%cal Bd8f7,Bf7d6,Bd6b5][%mdl 32]} 28. Qc3 Nxc4 29. Qxc4 Re8 30. Qc3 Raa8 31. b4 axb4 32. axb4 (32. Qxb4 $16 Reb8 33. e3) 32... Nd6 $14 33. e3 Nb5 34. Qb2 Bf7 35. Ra1 Kg7 36. Rxa8 Rxa8 37. Ra1 Rc8 38. Bf1 b6 {Accuracy: White = 79%, Black = 51%.} 1/2-1/2

[Event "Copenhagen Chess Challenge 2019"]
[Site "Ballerup"]
[Date "2019.05.17"]
[Round "5.12"]
[White "Sorensen, Per Settergren"]
[Black "Liu, Casper"]
[Result "0-1"]
[WhiteElo "2030"]
[BlackElo "2228"]
[Annotator "TA"]
[PlyCount "62"]
[EventDate "2019.05.16"]
[EventCountry "DEN"]
[SourceTitle "playchess.com"]
[Source "ChessBase"]
[SourceQuality "1"]

{[%evp 13,62,22,14,27,40,9,16,0,6,-11,-3,-37,14,23,17,35,25,23,48,42,54,69,57,39,33,-39,-45,-197,-190,-189,-196,-206,-191,-283,-283,-276,-271,-270,-270,-438,-377,-590,-557,-29992,-29993,-29993,-29994,-29994,-29989,-29989,-29990]} 1. e4 g6 2. d4 Bg7 3. Nf3 d6 4. Bc4 Nf6 5. Qe2 c6 6. Bb3 e5 7. dxe5 dxe5 8. O-O {B06: Modern Defence} (8. Nbd2 Nh5 9. Nc4 O-O 10. O-O Qc7 11. Rd1 Na6 12. Nd6 Bg4 13. h3 Bxf3 14. Qxf3 Rad8 15. Nxf7 Rxd1+ 16. Qxd1 Rxf7 {1-0 (62) Zvjaginsev,V (2679)-Lagno,K (2530) Caleta 2017}) 8... Qc7 9. h3 O-O 10. Rd1 {The position is equal.} Na6 {[%cal Bb8a6,Ba6c5,Bc5e6,Be6f4][%mdl 32]} 11. c3 Nc5 12. Bc2 h6 $146 (12... b6 $15) ({Predecessor:} 12... a5 13. a4 Be6 14. Ng5 Bb3 15. Be3 Bxc2 16. Qxc2 {0-1 (34) Kwiatkowski,F (2217)-Martins,D (2383) Reading 2017}) 13. Nbd2 $11 Rd8 14. b4 Ne6 15. Nc4 Nf4 16. Rxd8+ Qxd8 17. Bxf4 exf4 18. Rd1 Qe7 19. Nd6 (19. e5 $14) 19... Nd5 $1 $15 {[%cal Rd5c3]} 20. Rxd5 $2 {[#]} (20. Qd3 $15 Nxc3 21. Rd2) 20... cxd5 $19 21. e5 Be6 22. Nd4 Rd8 23. Nxe6 (23. Bb3 {is a better defense.}) 23... Qxe6 24. Nxb7 Rc8 25. Nc5 Qxe5 26. Qa6 $2 {[#]} (26. Qxe5 Bxe5 27. Bb3) 26... Re8 27. Bb3 (27. Ba4 $142 Qe1+ 28. Qf1) 27... Qe1+ 28. Kh2 Qxf2 {Black mates.} 29. Nd3 Qg3+ 30. Kh1 Re3 31. Bxd5 Rxd3 {[%mdl 64] Double Attack. Accuracy: White = 39%, Black = 47%.} 0-1

[Event "Copenhagen Chess Challenge 2019"]
[Site "Ballerup"]
[Date "2019.05.17"]
[Round "5.13"]
[White "French, Max"]
[Black "Unneland, Mathias"]
[Result "1-0"]
[WhiteElo "2178"]
[BlackElo "2009"]
[Annotator "TA"]
[PlyCount "80"]
[EventDate "2019.05.16"]
[EventCountry "DEN"]
[SourceTitle "playchess.com"]
[Source "ChessBase"]
[SourceQuality "1"]

{[%evp 13,80,39,33,37,54,50,43,40,37,31,57,32,45,29,89,11,20,-18,62,51,57,68,88,92,83,72,58,22,146,41,50,43,38,38,60,26,50,0,0,0,20,10,100,95,110,95,91,85,301,301,301,291,566,550,762,646,655,656,635,637,697,687,775,768,755,750,759,738,728]} 1. d4 Nf6 2. c4 g6 3. Nc3 Bg7 4. e4 d6 5. Be2 O-O 6. Be3 c5 7. d5 e6 8. Nf3 {E73: King's Indian: Averbakh Variation without 6...c5} exd5 9. cxd5 b5 {next ...b4 is good for Black.} 10. e5 {White is slightly better.} dxe5 11. Bxc5 Re8 12. Bxb5 e4 13. Nd4 {[#]} Bg4 $146 (13... Nfd7 $11 {remains equal.} 14. Ba3 Qb6) ({Predecessor:} 13... Nfd7 14. Ba3 Qb6 15. Nce2 Ba6 {½-½ (36) Gulko,B (2561)-Becerra Rivero,J (2609) Saint Louis 2009}) 14. Nde2 (14. Qd2 $16) 14... Bd7 $11 15. Bxd7 Qxd7 (15... Nbxd7 $11 16. Bd4 Nb6) 16. O-O $14 Na6 17. Bd4 Nb4 {[#]} 18. Bxf6 $1 Bxf6 {[#]} 19. a3 $1 {[%cal Ra3b4]} Na6 20. b4 Re5 (20... Nc7 $1 $11) 21. f3 (21. Ng3 $16) 21... exf3 22. Rxf3 Bg7 23. Qd3 Nc7 {[%cal Rc7d5]} 24. Rd1 (24. Raf1 $5 {[%cal Rf3f7]} f5 25. Nf4 $14) 24... Rd8 {[%cal Rc7d5]} 25. d6 Ne8 {[%cal Re8d6]} 26. Ne4 Bf8 27. N2c3 {Black should prevent Re3.} f5 (27... Bxd6 $11 28. Qc4 Kg7) 28. Nc5 $36 {[%mdl 2048] White is in control.} Qf7 {[%cal Rd8d6]} 29. d7 Nf6 30. Qd4 Re7 $2 (30... Rxc5 $16 31. bxc5 Rxd7) 31. Nd5 $18 Nxd5 32. Qxd5 Bh6 $2 (32... Re1+ 33. Rf1 Qxd5 34. Rxd5 Bxc5+ 35. bxc5 Re6) 33. Kf2 {White is clearly winning.} f4 34. Qxf7+ Kxf7 35. Rfd3 Bg5 36. Nb7 Re6 37. Kf3 h5 38. Nxd8+ Bxd8 39. Kxf4 g5+ 40. Kf3 g4+ {Accuracy: White = 52%, Black = 42%.} 1-0

[Event "Copenhagen Chess Challenge 2019"]
[Site "Ballerup"]
[Date "2019.05.17"]
[Round "5.14"]
[White "Laustsen, Lars"]
[Black "Andersen, Kim Nyvang"]
[Result "1/2-1/2"]
[WhiteElo "2140"]
[BlackElo "2004"]
[Annotator "NA RC"]
[PlyCount "138"]
[EventDate "2019.05.16"]
[EventCountry "DEN"]
[SourceTitle "playchess.com"]
[Source "ChessBase"]
[SourceQuality "1"]

1. d4 Nf6 2. c4 g6 3. g3 Bg7 4. Bg2 d6 5. Nf3 O-O 6. O-O Nc6 7. Nc3 Bf5 8. d5 Na5 9. Nd2 c5 10. e4 Bd7 11. Qc2 a6 12. b3 b5 13. Bb2 Rb8 14. Rab1 {E66: King's Indian: Fianchetto: 6...c5 7 0-0 Nc6 8 d5} (14. Nd1 Qc7 15. Bc3 e6 16. Ne3 exd5 17. exd5 Rfe8 18. Rae1 b4 19. Bb2 Re7 20. Qc1 Rbe8 21. Nc2 Nb7 22. Rxe7 Rxe7 {0-1 (64) Cernousek,L (2436)-Piorun,K (2634) Slovakia 2019}) 14... bxc4 15. bxc4 Ng4 16. Nd1 Bxb2 17. Nxb2 e5 18. Qc3 $146 ({Predecessor:} 18. h3 Nh6 19. Nd3 Qc7 20. f4 f6 21. Qc3 Nf7 {½-½ (60) Vul,A (2346)-Coulon,G (2006) Cappelle-la-Grande 2014}) 18... Qc7 19. f3 Nh6 $1 20. f4 f6 21. Nd3 Nf7 22. Rxb8 Rxb8 23. fxe5 fxe5 24. Nf2 Nb7 25. Bh3 Bxh3 26. Nxh3 Qd7 27. Qf3 Nbd8 28. Ng5 Rb2 29. Qf6 Qe8 30. Ne6 Nxe6 31. Qxe6 Rb8 32. Nf3 Kg7 33. Qxe8 Rxe8 {[#]} 34. Rb1 $1 Re7 35. Rb6 Ra7 36. h4 h6 37. g4 Kf6 38. Kg2 Ke7 39. Nd2 Kd7 40. Nb3 Nd8 41. Nxc5+ dxc5 42. Rxg6 Nf7 43. a4 Rb7 44. Rxa6 Nd6 45. h5 Rb2+ 46. Kh3 Rb3+ 47. Kh4 Re3 48. Rc6 $19 (48. a5 $11 {and White has nothing to worry.}) 48... Rxe4 49. Rxc5 Nxc4 50. Rc6 Nd6 51. Ra6 Rd4 52. Ra7+ {[#]} Ke8 $1 53. Ra8+ Ke7 54. a5 Rxd5 55. a6 Ra5 56. g5 Ra4+ 57. Kh3 hxg5 58. h6 Rh4+ 59. Kg2 Nb5 60. Rb8 Rxh6 61. Rxb5 Rxa6 62. Rxe5+ Kf6 63. Re2 Kf5 64. Rb2 Ra4 65. Rb5+ Kg4 66. Rb2 Re4 67. Ra2 Kf4 68. Rf2+ Ke3 69. Rf3+ Kd4 1/2-1/2